000 00379nam a2200145Ia 4500
008 231129s2006||||xx |||||||||||||| ||spa||
020 _aISBN-13:978-958-30-2
040 _bspa
082 _aR 591.7 F235e
100 _aFarndon John
245 0 _aLa enciclopedia de los hábitats
260 _c2006
264 _aPanamericana
942 _2ddc
_cBKS
999 _c16954
_d16954